Concrete durability / (Record no. 20041)

MARC details
000 -LEADER
fixed length control field 02114cam a22002535a 4500
001 - CONTROL NUMBER
control field 17965030
005 - DATE AND TIME OF LATEST TRANSACTION
control field 20151215141532.0
008 - FIXED-LENGTH DATA ELEMENTS--GENERAL INFORMATION
fixed length control field 131205t2014 flua frb 001 0 eng d
020 ## - INTERNATIONAL STANDARD BOOK NUMBER
International Standard Book Number 9780415564755 (hardback)
040 ## - CATALOGING SOURCE
Original cataloging agency DLC
Language of cataloging eng
Transcribing agency DLC
Modifying agency DLC
-- EG-ScBUE
082 04 - DEWEY DECIMAL CLASSIFICATION NUMBER
Classification number 620.13692
Edition number 22
Item number DYE
100 1# - MAIN ENTRY--PERSONAL NAME
Personal name Dyer, Thomas D.
9 (RLIN) 38927
245 10 - TITLE STATEMENT
Title Concrete durability /
Statement of responsibility, etc Thomas Dyer.
260 ## - PUBLICATION, DISTRIBUTION, ETC. (IMPRINT)
Place of publication, distribution, etc Boca Raton :
Name of publisher, distributor, etc CRC Press / Taylor and Francis Group,
Date of publication, distribution, etc c.2014.
300 ## - PHYSICAL DESCRIPTION
Extent xv, 431 p. :
Other physical details ill. ;
Dimensions 24 cm.
500 ## - GENERAL NOTE
General note Index : p. 403-431.<br/>
504 ## - BIBLIOGRAPHY, ETC. NOTE
Bibliography, etc Includes bibliographical references.
520 ## - SUMMARY, ETC.
Summary, etc "As more importance is being placed on the whole-life performance of structures, demand is growing for long service lives with minimal maintenance requirements. Indeed it is increasingly common for infrastructure to be kept in operation beyond its originally intended service life. And over the past decade the introduction across Europe of new standards has drawn more attention to the issue of durability of concrete structures. Thus, the durability of construction materials is of more concern to civil engineers than ever before.Concrete is highly durable and also provides protection to steel reinforcement. However, concrete structures are frequently required to function in a wide range of multi-aggressive environments for long periods of service. And measures to optimize their durability performance often conflict with structural and aesthetic design requirements.This book examines each of the major physical and chemical mechanisms which threaten the durability of concrete and addresses the options available for achieving appropriate durability, with emphasis on the approaches addressed by standards. It also covers procedures for durability assessment and testing of structures, and repair and rehabilitation methods. It is has been written with an audience of graduate students and young professionals in mind"--
650 #0 - SUBJECT ADDED ENTRY--TOPICAL TERM
Topical term or geographic name as entry element Concrete
General subdivision Deterioration.
Source of heading or term BUEsh
650 #0 - SUBJECT ADDED ENTRY--TOPICAL TERM
Topical term or geographic name as entry element Concrete
General subdivision Service life.
Source of heading or term BUEsh
651 ## - SUBJECT ADDED ENTRY--GEOGRAPHIC NAME
Source of heading or term BUEsh
653 ## - INDEX TERM--UNCONTROLLED
Resource For college Engineering, General
Arrived date list June2015
-- December2015
942 ## - ADDED ENTRY ELEMENTS (KOHA)
Source of classification or shelving scheme Dewey Decimal Classification
Holdings
Withdrawn status Lost status Source of classification or shelving scheme Damaged status Not for loan Koha collection Home library Current library Shelving location Date acquired Source of acquisition Cost, normal purchase price Serial Enumeration / chronology Total Checkouts Full call number Barcode Date last seen Cost, replacement price Koha item type
    Dewey Decimal Classification     Alahram Central Library Central Library First floor 29/06/2015 Purchase 720.00 299   620.13692 DYE 000039216 15/07/2025 900.00 Book - Borrowing